Регионална библиотека "Любен Каравелов" - Русе

Сребърна хармония (Запис номер 175756)

MARC детайли
000 -Лидер
Контролно поле с фиксирана дължина 02370nam a2200421 c 4500
003 - Код на организацията, давaща контролен номер
Контролно поле BLK
005 - Дата и час на последна редакция
Контролно поле 20180420235639.0
008 - Елементи от данни с фиксирана дължина
fixed length control field 180411b bul|||||r ||||||| ||bul||
010 ## - Наследен системен номер
LC control number KNG00184350000
040 ## - Източник на каталожния запис
Идентификатор на билиотеката - собственик на записа BLK
041 ## - Код за език
Код за езика на текст/звукозапис или на отделно заглавие Български
Код за езика КДБФ Български
072 #7 - Код за тематичната категория
Код организация bullib
Код за тематична категория Н50
Текст Естествени науки. Математика и др. Н
080 ## - УДК
Текстов определител УДК Резервати и други защитени територии (в цялост) и тяхната организация - Геологически, географски и ландшафтни резервати вж 502.6 ; Резервати на живата природа вж 502.7; Ловни територии вж 639.1
УДК код - определител по УДК 502.4
УДК определител (497.2-18)
УДК - код + определител 502.4(497.2-18)
080 ## - УДК
Текстов определител УДК Природа и общество. Опазване на природата(в цялост) - Социални, законодателни и административни аспекти на опазване на природата, организация и мерки по възстановяване и спасяване на природата и др.
УДК код - определител по УДК 502.3
УДК определител (497.2-18)
УДК - код + определител 502.3(497.2-18)
110 1# - Редна дума - колетивен орган
Редна дума - наименование на организация или юридическо лице Регионална инспекция по околната среда и водите. Русе
9 (RLIN) 340295
139 ## - Редно поле
Редна дума Сребърна хармония
Авторски знак Ср - С 60
245 10 - Сведения за заглавието
Заглавие Сребърна хармония
257 ## - Страна на издаване
Страна на създаване/издаване България
260 ## - Област на издателските данни
-- Русе
Име на издателя, разпространителя и проч. РИОСВ
Година на издаване 2014
300 ## - Физическа характеристика
Страници 64 с.
Илюстрации и др. с цв. сн., к.
Размери/Мащаб 23 см
Съпровождащи материали 1 CD
380 ## - Жанр
Жанр Естествени науки. Математика
500 ## - Общи забележки
Забележка Изд. на Регионална инспекция по околната среда и водите - Русе. - Прил. със същото загл. и сигн. CD 4047.
650 #4 - Допълнително описание по предмет – тема
Основно описание – тема или топоним Резервати - България
9 (RLIN) 246293
650 #4 - Допълнително описание по предмет – тема
Основно описание – тема или топоним Природа - България - защита
9 (RLIN) 243220
650 #4 - Допълнително описание по предмет – тема
Основно описание – тема или топоним Околна среда - България - опазване
9 (RLIN) 243221
651 #4 - Допълнително описание по предмет - топоним
Географско понятие Сребърна
9 (RLIN) 179579
651 #4 - Допълнително описание по предмет - топоним
Географско понятие България
9 (RLIN) 241624
653 ## - Ключова дума – ненормативна
Ключова дума Сребърна
653 ## - Ключова дума – ненормативна
Ключова дума резервати
653 ## - Ключова дума – ненормативна
Ключова дума природни забележителности
653 ## - Ключова дума – ненормативна
Ключова дума защитени местности
659 ## - Тематичен бюлетин
Тематичен бюлетин Н
852 ## - Местоположение
Форматна сигнатура Цб 277780
856 4# - Електронен адрес и достъп
Електронен формат pdf - файл
Път до файла /url/
856 4# - Електронен адрес и достъп
Електронен формат pdf - файл
Път до файла /url/
942 ## - АРТИКУЛИ
Вид на библиотечния материал Книги
Скрит в OPAC Не
944 ## - СЪЗДАВАНЕ И РЕДАКЦИЯ на ЗАПИСА
Създаване/Редакция Създаване
Дата на регистрацията/редакция 30.10.2015
Статус, дата на статуса ф /
Служител, извършил регистрацията/редакцията Виолета_Тройчева
944 ## - СЪЗДАВАНЕ И РЕДАКЦИЯ на ЗАПИСА
Създаване/Редакция Редакция
Дата на регистрацията/редакция 25.11.2015
Статус, дата на статуса ф /
Служител, извършил регистрацията/редакцията Людмила_Стоянова
999 ## - СИСТЕМНИ КОНТРОЛНИ НОМЕРА
Koha biblionumber 175756
Koha biblioitemnumber 175756
Наличности
Код за отписване Код за изгубен артикул Код за повреда Коз за рестрикции Код за отдаване Артикулен № Име на библиотеката - собственик Име на библиотеката, в която се намира в момента Статус (Текущо местоположение) Дата на вписване в системата Местоположение - отдел Цена в лева Инвентарен номер Систематично азбучна сигнатура Баркод Номер на екземпляра Цена в евро Служебна бележка Служебен тип на артикула
  Не е изгубен Не е повреден без рестрикции ползва се в читалня 302689 Регионална библиотека "Любен Каравелов" Русе Регионална библиотека "Любен Каравелов" Русе Хранилище 2015-10-30 Основен фонд - ползва се само за читалня 8.00 120000794261 Цб 277780 120000794261 1 4.09 Дост: DA Вид: А N: 20 Дата: 30.10.2015 Книги
  Не е изгубен Не е повреден без рестрикции заемане за дома 302690 Регионална библиотека "Любен Каравелов" Русе Регионална библиотека "Любен Каравелов" Русе Детски отдел 2015-10-30 Детски отдел 8.00 120000794262 ДН 50/С 60 120000794262 2 4.09 Дост: DA Вид: А N: 20 Дата: 30.10.2015 Книги
Vip Innovations Ltd, Rousse, Bulgaria 2025